000 00749nam a2200217 i 4500
001 113605
003 ES-MaACL
005 20251126101811.0
007 t|
008 061121s1905 sp r ||||1| spa d
080 _a821.134.2-14"18"
100 1 _aPalau y Catalá, Melchor de,
_d1843-1910
_9130794
245 1 0 _aPoesías, de D. Melchor de Palau :
_bVerdades poéticas, Cantares, Poesías varias.
260 _aBarcelona :
_bLuis Tasso,
_c1905.
300 _aXXIII, 244 p. :
_b1 retr. autor ;
_c18 cm.
530 _aDisponible en formato digital.
852 4 _aES-MaACL
_jF-11058
_cSPD2
856 4 _uhttp://bdh-rd.bne.es/viewer.vm?id=0000110063&page=1
_y(Biblioteca Digital Hispánica)
942 _2udc
999 _c113605
_d113605